| Tag |
First Indicator |
Second Indicator |
Subfields |
| LEADER |
00000cam a2200000 4500 |
| 001 |
in00000727872 |
| 005 |
20151016071647.0 |
| 008 |
730228s1960 ilua b 00000 eng u |
| 010 |
|
|
|a 60007243
|
| 035 |
|
|
|a (OCoLC)00565998
|
| 035 |
|
|
|9 ADE5303AM
|
| 040 |
|
|
|c WSU
|d TXA
|d UtOrBLW
|
| 049 |
|
|
|a TXAM
|c 1 [323393]
|c 2 [425802]
|
| 050 |
|
0 |
|a TN690
|b .S57
|
| 092 |
|
|
|a 669.95
|b S644h, 1960
|
| 100 |
1 |
|
|a Smith, Cyril Stanley,
|d 1903-1992.
|
| 245 |
1 |
2 |
|a A history of metallography ;
|b the development of ideas on the structure of metals before 1890.
|
| 264 |
|
1 |
|a [Chicago] :
|b University of Chicago Press,
|c [1960]
|
| 300 |
|
|
|a 291 pages :
|b illustrations ;
|c 26 cm.
|
| 336 |
|
|
|a text
|b txt
|2 rdacontent
|
| 337 |
|
|
|a unmediated
|b n
|2 rdamedia
|
| 338 |
|
|
|a volume
|b nc
|2 rdacarrier
|
| 504 |
|
|
|a Includes bibliography.
|
| 650 |
|
0 |
|a Metallography.
|
| 650 |
|
0 |
|a Damascening.
|
| 650 |
|
0 |
|a Etching.
|
| 999 |
|
|
|a MARS
|
| 999 |
f |
f |
|s 975853e1-abdf-3afa-9e3f-9bd1cb9ca916
|i 5d550834-b743-3be4-ba32-615a4ea7e96f
|t 0
|
| 952 |
f |
f |
|p ric
|a Texas A&M University
|b Rellis Campus
|c Joint Library Facility
|d Remote Storage
|t 0
|e TN690 .S57
|h Library of Congress classification
|i unmediated -- volume
|m A14801125664
|
| 952 |
f |
f |
|p normal
|a Texas A&M University
|b College Station
|c Sterling C. Evans Library
|d Evans: Library Stacks
|t 0
|e TN690 .S57
|h Library of Congress classification
|i unmediated -- volume
|m A14801125672
|
| 998 |
f |
f |
|a TN690 .S57
|t 0
|l Remote Storage
|
| 998 |
f |
f |
|a TN690 .S57
|t 0
|l Evans: Library Stacks
|